000 00934nas a22002417a 4500
005 20260603155118.0
008 260520b19671994porb||p||||||f00| z|por |
022 _a0101-6725
040 _cBR-ViAPE
245 _aUFES - Revista Cultural
260 _aVitória
_bFundação Ceciliano Abel de Almeida - UFES
_c1967-1994
300 _av.
_bil.
310 _aIrregular
362 _an. 1 (2º semestre 1967) - ano 17, n. 49 (1994).
500 _aDisponibilizada apenas a imagem da capa na versão digital, em virtude de restrições de direitos autorais.
500 _aColeção incompleta: disponíveis apenas alguns números do periódico.
650 _aArtigos
_xCultura
_xUniversidade
_zEspírito Santo
651 _aEspírito Santo (Brasil)
_vPeriódicos
700 _aUniversidade Federal Do Estado do Espírito Santo - UFES
710 _aFundação Ceciliano Abel de Almeida - UFES
942 _2ddc
_cPER
_n1
999 _c698
_d698